| 000 | 01300nam0a22002891 4500 | ||
|---|---|---|---|
| 001 | rc\3638820 | ||
| 005 | 20130115145332.3 | ||
| 021 |
_aRU _b71-60082 |
||
| 021 |
_aRU _bРг14309-72 |
||
| 035 | _a(NLR Aleph) 007727594 | ||
| 090 |
_a7020033 _c7020033 |
||
| 100 | _a20130115d1971 |||y0rusy50 ca | ||
| 101 | 0 | _arus | |
| 102 | _aRU | ||
| 105 | _ay c ||||| | ||
| 200 | 1 |
_aМетодические указания по составлению перспективного плана социального развития коллектива дорожно-строительной организации _fГл. упр. шос. дорог при Совете Министров БССР. Белорус. дор. науч.-исслед. ин-т |
|
| 210 |
_aМинск _cБ. и. _d1971 |
||
| 215 |
_a151 с. _d20 |
||
| 300 | _aНа обороте тит. л. сост.: доц., канд. филос. наук И.К. Галко и инж. А.В. Плыгавка | ||
| 702 | 1 |
_aПлыгавка _bА. В. _4220 |
|
| 702 | 1 |
_aГалко _bИ. К. _gИван Кириллович _4220 |
|
| 712 | 0 | 2 |
_aБелорусский дорожный НИИ _cМинск _3RU\NLR\AUTH\8810018048 |
| 801 | 0 |
_aRU _bNLR _gpsbo |
|
| 801 | 1 |
_aRU _bELAR _2rusmarc |
|
| 852 |
_aNLR _j72-3/8375 |
||
| 942 | _cBOOK | ||
| 980 | _aNB | ||